Kaufmännisches Alphabet - Statistiken

Allgemein
  • Dieses Quiz wurde 19 mal gespielt
  • Das Durchschnittsergebnis liegt bei 7 aus 30
Antwortstatistiken
Hint Antwort % Korrekt
A Anton
69%
P Paula
54%
D Dora
46%
S Siegfried
46%
Y Ypsilon
46%
G Gustav
38%
B Berta
31%
C Cäsar
31%
I Ida
31%
M Martha
31%
E Emil
23%
F Friedrich
23%
J Julius
23%
T Theodor
23%
Z Zeppelin
23%
H Heinrich
15%
K Kaufmann
15%
N Nordpol
15%
O Otto
15%
R Richard
15%
W Wilhelm
15%
Ä Ärger
8%
L Ludwig
8%
Ö Ödipus
8%
Ü Übel
8%
U Ulrich
8%
V Viktor
8%
X Xanthippe
8%
Ch Charlotte
0%
Q Quelle
0%
Keine übereinstimmenden Quizze gefunden
Verteilung der Resultate
Anzahl Personen mit jedem Resultat
Perzentil nach korrekt beantworteten Fragen
Ihre Resultats-Entwicklung
Sie haben dieses Quiz noch nicht gespielt